Bienvenido a nuestro catálago, Biblioteca Universidad Monteávila

El tesoro del tiempo (Registro nro. 13340)

Detalles MARC
000 -CABECERA
campo de control de longitud fija 00955nam a2200265 i 4500
003 - IDENTIFICADOR DEL NÚMERO DE CONTROL
campo de control vecauma
005 - FECHA Y HORA DE LA ÚLTIMA TRANSACCIÓN
campo de control 20260410145736.0
007 - CAMPO FIJO DE DESCRIPCIÓN FÍSICA--INFORMACIÓN GENERAL
campo de control de longitud fija ta
008 - DATOS DE LONGITUD FIJA--INFORMACIÓN GENERAL
campo de control de longitud fija 260410s1973 ve |||||r|||| 00| 0 spa d
040 ## - FUENTE DE LA CATALOGACIÓN
Centro catalogador/agencia de origen vecauma
Lengua de catalogación spa
Centro/agencia transcriptor vecauma
Centro/agencia modificador vecauma
Normas de descripción rda
041 0# - CÓDIGO DE LENGUA
Código de lengua del recurso spa
099 ## - Cota
Sufijo de archivo FOLLETO 0398
100 0# - AUTOR PERSONAL
Nombre de persona Josemaría Escrivá de Balaguer,
Fechas asociadas al nombre 1902-1975
Término indicativo de función/relación autor
9 (RLIN) 146
Títulos y otros términos asociados al nombre Santo,
245 13 - MENCIÓN DE TÍTULO
Título El tesoro del tiempo
Mención de responsabilidad, etc. / Josemaría Escrivá de Balaguer.
264 #1 - PRODUCCIÓN, PUBLICACIÓN, DISTRIBUCIÓN, FABRICACIÓN Y COPYRIGHT
Producción, publicación, distribución, fabricación y copyright Caracas, Venezuela :
Nombre del de productor, editor, distribuidor, fabricante Centro de Información Profesional A.C.,
Fecha de producción, publicación, distribución, fabricación o copyright [1973].
300 ## - DESCRIPCIÓN FÍSICA
Extensión 26 páginas.
336 ## - TIPO DE CONTENIDO
Término de tipo de contenido texto
Código de tipo de contenido txt
Fuente rdacontenido
337 ## - TIPO DE MEDIO
Nombre/término del tipo de medio no mediado
Código del tipo de medio n
Fuente rdamedio
338 ## - TIPO DE SOPORTE
Nombre/término del tipo de soporte volumen
Código del tipo de soporte nc
Fuente rdasoporte
490 0# - MENCIÓN DE SERIE
Mención de serie Cuadernos de orientación doctrinal
Designación de volumen o secuencia 16
505 0# - NOTA DE CONTENIDO CON FORMATO
Nota de contenido con formato Desde la primera hora. -- Rendir para Dios. -- Al pie de la viña. -- La higuera estéril. -- En las cosas del Padre.
650 10 - PUNTO DE ACCESO ADICIONAL DE MATERIA--TÉRMINO DE MATERIA
9 (RLIN) 143
Término de materia VIDA CRISTIANA
942 #1 - ELEMENTOS DE ENTRADA AGREGADA (KOHA)
Fuente del sistema de clasificación o colocación Library of Congress Classification
Ocultar en OPAC No
Tipo de ítem Koha Folletos
Existencias
Estado de retiro Estado de pérdida Fuente del sistema de clasificación o colocación Estado dañado No para préstamo Código de colección Localización permanente Ubicación/localización actual Ubicación en estantería Fecha de adquisición Total de préstamos Cota Código de barras Fecha visto por última vez Precio válido a partir de Tipo de ítem Koha
    Library of Congress Classification     Folletos Biblioteca Universidad Monteávila Biblioteca Universidad Monteávila Archivo rodante 10/04/2026   FOLLETO 0398 2026-0478 10/04/2026 10/04/2026 Folletos

Copyright @ UMA Library
Universidad Monteávila Caracas, Venezuela

Edif. Sede principal Universidad Monteávila. Av. El Buen Pastor. Boleíta Norte. Caracas. 
Customized by Universidad Monteávila

Con tecnología Koha